[Event "WinTV op"]
[Site "Chennai IND"]
[Date "2004.01.23"]
[Round "4"]
[White "Nitin, Shankar Madhu"]
[Black "Samsonkin, Artiom"]
[Result "0-1"]
[WhiteElo "2058"]
[BlackElo "2203"]
[PlyCount "58"]
[EventDate "2004.01.21"]
[EventType "swiss"]
[EventRounds "13"]
[EventCountry "IND"]
[Source "Mark Crowther"]
[SourceDate "2004.02.09"]

1. e4 Nf6 2. Nc3 d5 3. exd5 Nxd5 4. Bc4 Nb6 5. Bb3 Nc6 6. Nf3 e6 7. d3 Be7 8.
O-O O-O 9. Ne4 Na5 10. Bd2 Nxb3 11. axb3 Nd5 12. Re1 c5 13. Ne5 Qc7 14. Nc3
Nxc3 15. Bxc3 b5 16. Ng4 f6 17. Qe2 Bd6 18. h3 Bd7 19. Bd2 e5 20. Bc3 Rae8 21.
Ra6 b4 22. Bd2 Bb5 23. Raa1 e4 24. Ne3 exd3 25. cxd3 Qe7 26. Ra5 a6 27. Qd1 Bb8
28. Ra1 Qc7 29. Rc1 Qh2+ 0-1

[Event "WinTV op"]
[Site "Chennai IND"]
[Date "2004.01.24"]
[Round "5"]
[White "Samsonkin, Artiom"]
[Black "Das, Arghyadip"]
[Result "1/2-1/2"]
[WhiteElo "2203"]
[BlackElo "2334"]
[PlyCount "39"]
[EventDate "2004.01.21"]
[EventType "swiss"]
[EventRounds "13"]
[EventCountry "IND"]
[Source "Mark Crowther"]
[SourceDate "2004.02.09"]

1. e4 c5 2. Nf3 d6 3. d4 cxd4 4. Nxd4 Nf6 5. Nc3 Nc6 6. Bg5 e6 7. Qd2 a6 8.
O-O-O Bd7 9. Be2 b5 10. Nxc6 Bxc6 11. Bf3 Qc7 12. Rhe1 Be7 13. Bxf6 gxf6 14.
Ne2 Bb7 15. Nd4 Qc5 16. Nb3 Qg5 17. Na5 Qxd2+ 18. Rxd2 Rb8 19. Nxb7 Rxb7 20.
Bh5 1/2-1/2

[Event "WinTV op"]
[Site "Chennai IND"]
[Date "2004.01.25"]
[Round "6"]
[White "Prakash, G."]
[Black "Samsonkin, Artiom"]
[Result "1-0"]
[WhiteElo "2434"]
[BlackElo "2203"]
[PlyCount "95"]
[EventDate "2004.01.21"]
[EventType "swiss"]
[EventRounds "13"]
[EventCountry "IND"]
[Source "Mark Crowther"]
[SourceDate "2004.02.09"]

1. d4 Nf6 2. c4 g6 3. Nc3 Bg7 4. e4 d6 5. Nge2 O-O 6. Ng3 e5 7. d5 Ne8 8. Be2
f5 9. exf5 gxf5 10. Nh5 Rf7 11. f4 Nd7 12. Nxg7 Rxg7 13. O-O Qe7 14. Kh1 Nef6
15. Be3 Ng4 16. Bxg4 Rxg4 17. Qd2 e4 18. Bd4 Nf6 19. Nd1 Bd7 20. Ne3 Rg6 21.
Bxf6 Qxf6 22. Rac1 a5 23. c5 Bb5 24. Rg1 Rg7 25. Qc3 Rf8 26. Qxf6 Rxf6 27. cxd6
cxd6 28. Rc8+ Kf7 29. Rgc1 Kg6 30. Kg1 Rff7 31. Kf2 Re7 32. R1c3 Re8 33. Rxe8
Bxe8 34. Ke1 Rd7 35. Kd2 Kf6 36. Rc8 Bg6 37. Ra8 Ke7 38. Rxa5 Kd8 39. Ra8+ Kc7
40. Rf8 Rf7 41. Rxf7+ Bxf7 42. Kc3 Kb6 43. Kd4 Bg6 44. g4 fxg4 45. Nxg4 Kb5 46.
Nh6 e3 47. Kxe3 Kc5 48. f5 1-0

[Event "WinTV op"]
[Site "Chennai IND"]
[Date "2004.01.27"]
[Round "7"]
[White "Samsonkin, Artiom"]
[Black "Palaniappan, A."]
[Result "1/2-1/2"]
[WhiteElo "2203"]
[BlackElo "2088"]
[PlyCount "79"]
[EventDate "2004.01.21"]
[EventType "swiss"]
[EventRounds "13"]
[EventCountry "IND"]
[Source "Mark Crowther"]
[SourceDate "2004.02.09"]

1. e4 e6 2. d4 d5 3. e5 c5 4. c3 Nc6 5. Nf3 Qb6 6. Bd3 Bd7 7. dxc5 Bxc5 8. O-O
f6 9. b4 Be7 10. Bf4 fxe5 11. Nxe5 Nxe5 12. Bxe5 Nf6 13. Nd2 O-O 14. Qe2 a6 15.
Rae1 Bb5 16. Bd4 Bxd3 17. Qxd3 Qc6 18. Qe2 Kf7 19. f4 Rae8 20. Nf3 Nd7 21. a4
b5 22. axb5 axb5 23. Qe3 h6 24. Qd3 Kg8 25. Bxg7 Kxg7 26. Nd4 Bc5 27. bxc5 Qxc5
28. Re3 Rf6 29. f5 Nf8 30. Qxb5 Qxb5 31. Nxb5 Rb8 32. Nd4 exf5 33. Nxf5+ Kh8
34. Rd3 Rc8 35. Ne7 Rxf1+ 36. Kxf1 Rc5 37. Nxd5 Kg7 38. Kf2 Ne6 39. Ke3 Kf7 40.
g3 1/2-1/2

[Event "WinTV op"]
[Site "Chennai IND"]
[Date "2004.01.27"]
[Round "8"]
[White "Islam, Mohammed Hafizul"]
[Black "Samsonkin, Artiom"]
[Result "0-1"]
[WhiteElo "2052"]
[BlackElo "2203"]
[PlyCount "80"]
[EventDate "2004.01.21"]
[EventType "swiss"]
[EventRounds "13"]
[EventCountry "IND"]
[Source "Mark Crowther"]
[SourceDate "2004.02.09"]

1. e4 Nf6 2. Nc3 d5 3. exd5 Nxd5 4. d4 Nxc3 5. bxc3 g6 6. Nf3 Bg7 7. Bc4 O-O 8.
O-O Nd7 9. Ba3 c5 10. Qe2 Qa5 11. Bb2 Nb6 12. a4 Bg4 13. Bd3 Nd5 14. c4 Nf4 15.
Qxe7 Bxf3 16. gxf3 cxd4 17. Qh4 Nxd3 18. cxd3 Rfe8 19. Bxd4 g5 20. Qg4 h5 21.
Qd7 Rad8 22. Qxb7 Rxd4 23. Qb5 Re5 24. Qb8+ Rd8 25. Qb7 g4 26. fxg4 Rg5 27.
Rad1 Rxg4+ 28. Kh1 Qxa4 29. c5 Rg6 30. Rc1 Qc6+ 31. Qxc6 Rxc6 32. Rfd1 Rd5 33.
Kg2 Rcxc5 34. Rxc5 Rxc5 35. Kf3 Bd4 36. Rg1+ Kf8 37. Rg2 Re5 38. h3 a5 39. Kf4
a4 40. f3 a3 0-1

[Event "WinTV op"]
[Site "Chennai IND"]
[Date "2004.01.28"]
[Round "9"]
[White "Samsonkin, Artiom"]
[Black "Matta, Vinay Kumar"]
[Result "1-0"]
[WhiteElo "2203"]
[BlackElo "2076"]
[PlyCount "57"]
[EventDate "2004.01.21"]
[EventType "swiss"]
[EventRounds "13"]
[EventCountry "IND"]
[Source "Mark Crowther"]
[SourceDate "2004.02.09"]

1. e4 e5 2. f4 d5 3. exd5 e4 4. d3 Nf6 5. dxe4 Nxe4 6. Nf3 c6 7. Bd3 Nf6 8. Nc3
Nxd5 9. Nxd5 Qxd5 10. Qe2+ Qe6 11. Be3 Be7 12. Bc4 Qf5 13. Bd4 Be6 14. Bd3 Qxf4
15. Bxg7 Rg8 16. Be5 Qh6 17. g3 Nd7 18. Bf4 Qh5 19. Nd4 Qxe2+ 20. Kxe2 Bd5 21.
Rhe1 Nc5 22. Bf5 Be4 23. Bxe4 Nxe4 24. Kf1 Ng5 25. h4 Ne6 26. Nxe6 fxe6 27.
Rxe6 Kf7 28. Rxe7+ Kf6 29. c3 1-0

[Event "WinTV op"]
[Site "Chennai IND"]
[Date "2004.01.29"]
[Round "10"]
[White "Rathnakaran, Kantholi"]
[Black "Samsonkin, Artiom"]
[Result "0-1"]
[WhiteElo "2309"]
[BlackElo "2203"]
[PlyCount "78"]
[EventDate "2004.01.21"]
[EventType "swiss"]
[EventRounds "13"]
[EventCountry "IND"]
[Source "Mark Crowther"]
[SourceDate "2004.02.09"]

1. g3 g6 2. Bg2 Bg7 3. e4 d6 4. d4 Nf6 5. Nc3 O-O 6. h3 c6 7. Bg5 Qc7 8. Qd2 e5
9. d5 Bd7 10. Nge2 b5 11. a3 a5 12. O-O Na6 13. dxc6 Bxc6 14. Rad1 Rfd8 15. Be3
b4 16. Nd5 Nxd5 17. exd5 Bxd5 18. Rc1 bxa3 19. bxa3 Bc4 20. Rfe1 Nc5 21. f4 Na4
22. Kh2 Bxe2 23. Qxe2 exf4 24. Bxf4 Bb2 25. c4 Bxc1 26. Rxc1 Nc5 27. Rf1 Re8
28. Qf3 Qe7 29. h4 f5 30. h5 Ne4 31. h6 Qf6 32. Bc1 Rac8 33. Qd3 Nc5 34. Qe2
Nd7 35. Bh3 Ne5 36. Rf4 Qe7 37. Bg2 Ng4+ 38. Qxg4 fxg4 39. Rxg4 Rf8 0-1

[Event "WinTV op"]
[Site "Chennai IND"]
[Date "2004.01.30"]
[Round "11"]
[White "Samsonkin, Artiom"]
[Black "Prasad, Devaki"]
[Result "0-1"]
[WhiteElo "2203"]
[BlackElo "2395"]
[PlyCount "80"]
[EventDate "2004.01.21"]
[EventType "swiss"]
[EventRounds "13"]
[EventCountry "IND"]
[Source "Mark Crowther"]
[SourceDate "2004.02.09"]

1. e4 c5 2. Nf3 Nc6 3. d4 cxd4 4. Nxd4 e6 5. Nb5 d6 6. Bf4 e5 7. Be3 Nf6 8. Bg5
a6 9. Bxf6 gxf6 10. N5c3 Be6 11. Nd2 Rg8 12. g3 Bh6 13. Nd5 f5 14. Bg2 Bxd5 15.
exd5 Ne7 16. O-O Qb6 17. b3 Qc5 18. c4 e4 19. Qc2 Kf8 20. Rfd1 Re8 21. a3 Ng6
22. b4 Qc7 23. c5 Bxd2 24. Qxd2 dxc5 25. Rac1 c4 26. d6 Qc6 27. Qd5 Qxd5 28.
Rxd5 Re5 29. Rc5 Rxc5 30. bxc5 Ne5 31. Bf1 Ke8 32. Bxc4 Kd7 33. Bd5 Nd3 34. Rc3
Rc8 35. Bxb7 Rxc5 36. Rb3 a5 37. Ba6 Rc7 38. Kg2 Ne1+ 39. Kh3 Kxd6 40. Rb6+ Ke7
0-1

[Event "WinTV op"]
[Site "Chennai IND"]
[Date "2004.01.31"]
[Round "12"]
[White "Shashikant, Kutwal"]
[Black "Samsonkin, Artiom"]
[Result "1-0"]
[WhiteElo "2283"]
[BlackElo "2203"]
[PlyCount "57"]
[EventDate "2004.01.21"]
[EventType "swiss"]
[EventRounds "13"]
[EventCountry "IND"]
[Source "Mark Crowther"]
[SourceDate "2004.02.09"]

1. e4 Nf6 2. e5 Nd5 3. d4 d6 4. Nf3 Bg4 5. Be2 e6 6. O-O Be7 7. c4 Nb6 8. h3
Bh5 9. Nc3 O-O 10. Be3 N8d7 11. b3 Bxf3 12. Bxf3 dxe5 13. Bxb7 Rb8 14. Bf3 exd4
15. Bxd4 c5 16. Be3 Ne5 17. Ne4 Nbd7 18. Qe2 f5 19. Nc3 Bf6 20. Rad1 Nxf3+ 21.
Qxf3 Bxc3 22. Bxc5 Bb4 23. Bxf8 Kxf8 24. a3 Bxa3 25. Qc6 Rxb3 26. Rxd7 Qe8 27.
Qc7 Rb8 28. Rxg7 Rc8 29. Qe5 1-0

[Event "Titled Tuesday 2024.06.11 Early"]
[Site "chess.com INT"]
[Date "2024.06.11"]
[Round "1"]
[White "Gulkov, I."]
[Black "Samsonkin, Artiom"]
[Result "1-0"]
[WhiteElo "2358"]
[BlackElo "2363"]
[PlyCount "139"]
[EventDate "2024.06.11"]
[EventType "swiss (blitz)"]
[EventRounds "11"]
[EventCountry "NET"]
[Source "Mark Crowther"]
[SourceDate "2024.06.17"]

1. Nf3 Nf6 2. c4 e6 3. Nc3 d5 4. d4 Be7 5. Bg5 O-O 6. e3 Nbd7 7. Rc1 c5 8. cxd5
Nxd5 9. Bxe7 Qxe7 10. Nxd5 exd5 11. dxc5 Nxc5 12. Be2 Be6 13. O-O Rac8 14. Qd4
b6 15. b4 Ne4 16. Ba6 Rxc1 17. Rxc1 Nd6 18. a3 h6 19. Ne5 Nf5 20. Qd2 Qg5 21.
Nf3 Qf6 22. Nd4 Rd8 23. Nxf5 Bxf5 24. Qd4 Qg6 25. Rc7 Be4 26. Bf1 a5 27. Qe5
axb4 28. axb4 Ra8 29. h4 f6 30. Qe6+ Kh7 31. Rc1 b5 32. Qh3 Ra4 33. f3 Bf5 34.
Qh2 Rxb4 35. Qd6 Rb2 36. Qxd5 Bh3 37. f4 Bf5 38. Qxb5 Be4 39. Qxb2 Qg3 40. Qf2
Qg4 41. Re1 h5 42. Kh2 Qg6 43. g3 Qf5 44. Bg2 Bd3 45. e4 Qa5 46. Qe3 Bc4 47.
Rd1 Qa2 48. Re1 Be6 49. e5 f5 50. Qf3 Kh6 51. Re2 Qc4 52. Rd2 Qb4 53. Qe2 Bc4
54. Qd1 g6 55. Bf1 Be6 56. Rd6 Bc8 57. Qd2 Qb3 58. Bg2 Ba6 59. e6 Bb5 60. e7
Qf7 61. Rb6 Be8 62. Qd6 Qa2 63. Qf6 Kh7 64. Qf8 Qa4 65. Rf6 Qd7 66. Rf7+ Bxf7
67. Qxf7+ Kh6 68. e8=Q Qxe8 69. Qxe8 Kg7 70. Qe7+ 1-0

[Event "Titled Tuesday 2024.06.11 Early"]
[Site "chess.com INT"]
[Date "2024.06.11"]
[Round "2"]
[White "Samsonkin, Artiom"]
[Black "Shohat, Yotam"]
[Result "1-0"]
[WhiteElo "2363"]
[BlackElo "2413"]
[PlyCount "55"]
[EventDate "2024.06.11"]
[EventType "swiss (blitz)"]
[EventRounds "11"]
[EventCountry "NET"]
[Source "Mark Crowther"]
[SourceDate "2024.06.17"]

1. e4 e5 2. Nf3 Nc6 3. Bc4 Bc5 4. d3 Nf6 5. c3 d6 6. Nbd2 a6 7. a4 Ba7 8. O-O
h6 9. Re1 g5 10. Nf1 g4 11. N3d2 h5 12. Ne3 h4 13. Ndf1 Rg8 14. Kh1 Nh5 15. Qb3
Rg7 16. d4 exd4 17. Nf5 Bxf5 18. exf5+ Ne5 19. Qxb7 dxc3 20. bxc3 Bxf2 21. Re2
Ng3+ 22. Nxg3 hxg3 23. Bh6 Qh4 24. Rxe5+ dxe5 25. Qxa8+ Ke7 26. f6+ Kxf6 27.
Qd8+ Kf5 28. Qxh4 1-0

[Event "Titled Tuesday 2024.06.11 Early"]
[Site "chess.com INT"]
[Date "2024.06.11"]
[Round "3"]
[White "Pajeken, Jakob Leon"]
[Black "Samsonkin, Artiom"]
[Result "0-1"]
[WhiteElo "2416"]
[BlackElo "2363"]
[PlyCount "110"]
[EventDate "2024.06.11"]
[EventType "swiss (blitz)"]
[EventRounds "11"]
[EventCountry "NET"]
[Source "Mark Crowther"]
[SourceDate "2024.06.17"]

1. d4 d5 2. c4 dxc4 3. e3 e5 4. Bxc4 exd4 5. exd4 Nf6 6. Qb3 Qe7+ 7. Be3 Qb4+
8. Nd2 Qxb3 9. Bxb3 Bd6 10. Nc4 Bb4+ 11. Ke2 O-O 12. a3 Be7 13. Nf3 Be6 14.
Rac1 Nbd7 15. Na5 Bxb3 16. Nxb3 Nd5 17. Ne5 Nxe5 18. dxe5 Rfe8 19. Rhd1 c6 20.
f4 f6 21. e6 f5 22. Na5 Bf6 23. Kf3 Rxe6 24. Bd4 Bxd4 25. Rxd4 Rae8 26. Nc4 Re4
27. Rcd1 Rxd4 28. Rxd4 Re1 29. Na5 Re7 30. Nc4 Re1 31. Na5 Re3+ 32. Kf2 Re7 33.
Nc4 Kf7 34. Ne5+ Kf6 35. g3 g5 36. Kf3 h5 37. h4 gxh4 38. gxh4 Rg7 39. Rd1 a6
40. b4 Re7 41. Rg1 Nxf4 42. Nc4 Nd5 43. Nd6 Re3+ 44. Kf2 Rxa3 45. Nc4 Ra2+ 46.
Kf3 b5 47. Nd6 Ra3+ 48. Kf2 Ke5 49. Nf7+ Kf4 50. Rc1 Ra2+ 51. Kg1 Ne3 52. Ng5
Kg3 53. Kh1 Rh2+ 54. Kg1 Rxh4 55. Ne6 Rxb4 0-1

[Event "Titled Tuesday 2024.06.11 Early"]
[Site "chess.com INT"]
[Date "2024.06.11"]
[Round "4"]
[White "Samsonkin, Artiom"]
[Black "Grinev, V."]
[Result "1-0"]
[WhiteElo "2363"]
[BlackElo "2422"]
[PlyCount "81"]
[EventDate "2024.06.11"]
[EventType "swiss (blitz)"]
[EventRounds "11"]
[EventCountry "NET"]
[Source "Mark Crowther"]
[SourceDate "2024.06.17"]

1. e4 c5 2. Nf3 Nc6 3. Bb5 g6 4. Bxc6 dxc6 5. d3 Bg7 6. h3 b6 7. Nc3 a5 8. Be3
h6 9. a4 e5 10. O-O Be6 11. Nd2 g5 12. Nc4 Bxc4 13. dxc4 Qxd1 14. Raxd1 Rd8 15.
Ne2 Ne7 16. Ng3 O-O 17. c3 Kh7 18. b4 axb4 19. cxb4 cxb4 20. Bxb6 Rxd1 21. Rxd1
Rb8 22. a5 Nc8 23. c5 Bf8 24. Nf5 Kg6 25. Kf1 b3 26. Ke2 b2 27. Rb1 Nxb6 28.
cxb6 Bb4 29. a6 Rxb6 30. Rxb2 c5 31. Ra2 Rb8 32. Ne7+ Kf6 33. Nd5+ Kg6 34. a7
Ra8 35. Nb6 Rxa7 36. Rxa7 c4 37. Nxc4 Bc5 38. Ra6+ f6 39. Nxe5+ Kh5 40. Rxf6
Bd4 41. g4+ 1-0

[Event "Titled Tuesday 2024.06.11 Early"]
[Site "chess.com INT"]
[Date "2024.06.11"]
[Round "5"]
[White "Samsonkin, Artiom"]
[Black "Koshulyan, Egor A."]
[Result "1-0"]
[WhiteElo "2363"]
[BlackElo "2224"]
[PlyCount "55"]
[EventDate "2024.06.11"]
[EventType "swiss (blitz)"]
[EventRounds "11"]
[EventCountry "NET"]
[Source "Mark Crowther"]
[SourceDate "2024.06.17"]

1. e4 c5 2. Nf3 Nc6 3. Bb5 g5 4. Nxg5 Nf6 5. O-O Rg8 6. d3 Nd4 7. Nc3 h6 8. Nf3
a6 9. Ba4 b5 10. Bb3 d6 11. Nxd4 cxd4 12. Ne2 h5 13. Kh1 Qb6 14. a4 b4 15. a5
Qc5 16. c3 bxc3 17. bxc3 dxc3 18. Be3 Qb4 19. Ra4 Qb7 20. Nxc3 Bd7 21. Ra1 Bg7
22. Rb1 Qc7 23. Nd5 Nxd5 24. Bxd5 Rc8 25. Rb7 Qxa5 26. Qxh5 e6 27. Rxd7 Kxd7
28. Bxe6+ 1-0

[Event "Titled Tuesday 2024.06.11 Early"]
[Site "chess.com INT"]
[Date "2024.06.11"]
[Round "6"]
[White "Lazavik, Denis"]
[Black "Samsonkin, Artiom"]
[Result "1-0"]
[WhiteElo "2578"]
[BlackElo "2363"]
[PlyCount "81"]
[EventDate "2024.06.11"]
[EventType "swiss (blitz)"]
[EventRounds "11"]
[EventCountry "NET"]
[Source "Mark Crowther"]
[SourceDate "2024.06.17"]

1. d4 Nf6 2. c4 e6 3. Nf3 Bb4+ 4. Bd2 Qe7 5. g3 Nc6 6. Nc3 Bxc3 7. Bxc3 Ne4 8.
Rc1 O-O 9. Bg2 d6 10. d5 Nd8 11. O-O e5 12. Nd2 Nxc3 13. Rxc3 f5 14. c5 Nf7 15.
Qc2 f4 16. cxd6 cxd6 17. Rc7 Qf6 18. Ne4 Qh6 19. Qb3 b6 20. Qa3 Bf5 21. Rxa7
Rxa7 22. Qxa7 Bxe4 23. Bxe4 Ng5 24. Qa4 Nh3+ 25. Kg2 fxg3 26. hxg3 Ng5 27. Rh1
Qf6 28. f3 h6 29. Qc2 Qf7 30. a4 Qd7 31. Qc6 Qf7 32. Qc4 Qd7 33. b3 Rc8 34. Qd3
Qc7 35. Bf5 Rf8 36. f4 exf4 37. gxf4 Nf7 38. Be6 Kh8 39. Qg6 Qe7 40. e3 Qc7 41.
Kg3 1-0

[Event "Titled Tuesday 2024.06.11 Early"]
[Site "chess.com INT"]
[Date "2024.06.11"]
[Round "7"]
[White "Samsonkin, Artiom"]
[Black "Kuzhylnyi, Oleksandr"]
[Result "1/2-1/2"]
[WhiteElo "2363"]
[BlackElo "2271"]
[PlyCount "101"]
[EventDate "2024.06.11"]
[EventType "swiss (blitz)"]
[EventRounds "11"]
[EventCountry "NET"]
[Source "Mark Crowther"]
[SourceDate "2024.06.17"]

1. e4 e5 2. Nf3 Nc6 3. d4 exd4 4. Bc4 Bc5 5. c3 Nf6 6. b4 Be7 7. e5 Ne4 8. b5
d5 9. exd6 Nxd6 10. bxc6 Nxc4 11. Qa4 b5 12. Qxb5 Nd6 13. Qh5 dxc3 14. Nxc3 Bf6
15. Qc5 Ba6 16. Qe3+ Kf8 17. Ba3 g6 18. O-O-O Kg7 19. Nd5 Nc4 20. Qc5 Nxa3 21.
Qxa3 Be2 22. Rd2 Bxf3 23. Qxf3 Re8 24. Nxf6 Qxf6 25. Qxf6+ Kxf6 26. Rd7 Re2 27.
Rxc7 Rxa2 28. Kb1 Rxf2 29. Rc1 Ke6 30. Rd7 Rc8 31. Re1+ Kf6 32. c7 Rf5 33. Rc1
Rb5+ 34. Ka2 Rb7 35. Rc6+ Ke5 36. Rxf7 Kd5 37. Rc2 Kd6 38. Rxh7 Rcxc7 39. Rcxc7
Rxc7 40. Rh6 Rc2+ 41. Kb3 Rxg2 42. h4 Kc5 43. h5 Rg3+ 44. Ka4 Rg4+ 45. Ka3 gxh5
46. Rxh5+ Kb6 47. Rh6+ Kb7 48. Rh7+ Kb6 49. Rh6+ Kb7 50. Rh7+ Kb6 51. Rh6+
1/2-1/2

[Event "Titled Tuesday 2024.06.11 Early"]
[Site "chess.com INT"]
[Date "2024.06.11"]
[Round "8"]
[White "Dixit, Nikhil"]
[Black "Samsonkin, Artiom"]
[Result "0-1"]
[WhiteElo "2374"]
[BlackElo "2363"]
[PlyCount "50"]
[EventDate "2024.06.11"]
[EventType "swiss (blitz)"]
[EventRounds "11"]
[EventCountry "NET"]
[Source "Mark Crowther"]
[SourceDate "2024.06.17"]

1. e4 c5 2. Nf3 d6 3. d4 cxd4 4. Nxd4 Nf6 5. Nc3 a6 6. h3 e5 7. Nf3 Be7 8. g4
O-O 9. g5 Nh5 10. Nxe5 dxe5 11. Qxh5 Nc6 12. Nd5 Be6 13. Bd3 g6 14. Nxe7+ Qxe7
15. Qh6 Rfd8 16. Bd2 Nb4 17. Bc3 Qc5 18. Bxb4 Qxb4+ 19. Ke2 Bc4 20. Rad1 Qxb2
21. Rd2 Rxd3 22. cxd3 Bxd3+ 23. Ke1 Qb1+ 24. Rd1 Qb4+ 25. Rd2 Rc8 0-1

[Event "Titled Tuesday 2024.06.11 Early"]
[Site "chess.com INT"]
[Date "2024.06.11"]
[Round "9"]
[White "Samsonkin, Artiom"]
[Black "Kodinets, K."]
[Result "0-1"]
[WhiteElo "2363"]
[BlackElo "2409"]
[PlyCount "142"]
[EventDate "2024.06.11"]
[EventType "swiss (blitz)"]
[EventRounds "11"]
[EventCountry "NET"]
[Source "Mark Crowther"]
[SourceDate "2024.06.17"]

1. e4 e5 2. Nf3 d6 3. d4 exd4 4. Qxd4 Nf6 5. Bg5 Be7 6. Nc3 h6 7. Bh4 Nc6 8.
Bb5 O-O 9. Bxc6 bxc6 10. O-O Nd7 11. Bxe7 Qxe7 12. Rad1 a5 13. Rfe1 Re8 14. Qc4
Bb7 15. h3 Nb6 16. Qd3 a4 17. Nd4 Qg5 18. Re3 Ba6 19. Nf3 Bxd3 20. Nxg5 Bxc2
21. Rc1 hxg5 22. Rxc2 f6 23. Rd3 g6 24. f3 Kf7 25. Kf2 Re7 26. Nd1 c5 27. Ne3
Rb8 28. Ra3 Ra8 29. Nc4 Ree8 30. Nxb6 cxb6 31. Rd3 Ke6 32. Rcd2 Red8 33. g3 b5
34. f4 gxf4 35. gxf4 Ra6 36. Kf3 b4 37. Rd5 Rc6 38. f5+ gxf5 39. exf5+ Kf7 40.
b3 axb3 41. axb3 Ra6 42. Kg4 Ra3 43. R2d3 Rg8+ 44. Kf4 Rd8 45. h4 Kg7 46. Re3
Kf7 47. h5 Ra1 48. Rh3 Rf1+ 49. Ke3 Re1+ 50. Kf2 Re5 51. Rxe5 fxe5 52. Kf3 Kf6
53. h6 Kxf5 54. h7 Rh8 55. Rh5+ Ke6 56. Ke4 d5+ 57. Ke3 c4 58. bxc4 dxc4 59.
Ke4 Kd6 60. Rh6+ Kc5 61. Kxe5 b3 62. Rh5 Kb4 63. Ke4 b2 64. Rh1 Rxh7 65. Kf5
Rxh1 66. Kf6 Rf1+ 67. Kg6 b1=Q+ 68. Kh6 Qd3 69. Kg7 Qe3 70. Kg6 Qg3+ 71. Kh6
Rh1# 0-1

[Event "Titled Tuesday 2024.06.11 Early"]
[Site "chess.com INT"]
[Date "2024.06.11"]
[Round "10"]
[White "Manvelyan, Mikayel"]
[Black "Samsonkin, Artiom"]
[Result "1/2-1/2"]
[WhiteElo "2289"]
[BlackElo "2363"]
[PlyCount "50"]
[EventDate "2024.06.11"]
[EventType "swiss (blitz)"]
[EventRounds "11"]
[EventCountry "NET"]
[Source "Mark Crowther"]
[SourceDate "2024.06.17"]

1. e4 c5 2. c3 d5 3. exd5 Qxd5 4. Nf3 Nf6 5. Na3 a6 6. Nc2 e6 7. d4 Nc6 8. Be3
cxd4 9. Ncxd4 Nxd4 10. Bxd4 Be7 11. Be2 O-O 12. O-O Rd8 13. Qc2 Bd7 14. Ne5 Qa5
15. Bf3 Qc7 16. Qb3 Bb5 17. Rfe1 Bc5 18. Nxf7 Kxf7 19. Qxe6+ Kf8 20. Bxf6 gxf6
21. Qxf6+ Qf7 22. Qh8+ Qg8 23. Qf6+ Qf7 24. Qh8+ Qg8 25. Qf6+ Qf7 1/2-1/2

[Event "Titled Tuesday 2024.06.11 Early"]
[Site "chess.com INT"]
[Date "2024.06.11"]
[Round "11"]
[White "Samsonkin, Artiom"]
[Black "Slugin, S."]
[Result "1-0"]
[WhiteElo "2363"]
[BlackElo "2336"]
[PlyCount "55"]
[EventDate "2024.06.11"]
[EventType "swiss (blitz)"]
[EventRounds "11"]
[EventCountry "NET"]
[Source "Mark Crowther"]
[SourceDate "2024.06.17"]

1. e4 c6 2. Nc3 d5 3. Nf3 dxe4 4. Nxe4 Nf6 5. Qe2 Nxe4 6. Qxe4 Qd5 7. Qf4 Qf5
8. Qe3 Nd7 9. b3 Nf6 10. Bd3 Qa5 11. Bb2 Nd5 12. Qe4 Nf6 13. Qh4 Bd7 14. O-O
O-O-O 15. Ne5 Be6 16. b4 Qc7 17. Rfe1 h6 18. Ng6 Rg8 19. Be5 Qd7 20. Nxf8 Rdxf8
21. b5 Ng4 22. bxc6 Qxc6 23. Qxe7 Nxe5 24. Rxe5 Re8 25. Qb4 Kb8 26. Be4 Qc7 27.
Rc5 Qe7 28. Bxb7 1-0

[Event "Titled Tuesday 2024.06.25 Early"]
[Site "chess.com INT"]
[Date "2024.06.25"]
[Round "1"]
[White "Llari, Marc"]
[Black "Samsonkin, Artiom"]
[Result "0-1"]
[WhiteElo "2226"]
[BlackElo "2363"]
[PlyCount "76"]
[EventDate "2024.06.25"]
[EventType "swiss (blitz)"]
[EventRounds "11"]
[EventCountry "NET"]
[Source "Mark Crowther"]
[SourceDate "2024.07.01"]

1. d4 d5 2. Bf4 Nf6 3. e3 c5 4. Nf3 Nc6 5. Nbd2 e6 6. c3 cxd4 7. exd4 Nh5 8.
Bg3 Bd6 9. Bxd6 Qxd6 10. Bd3 Nf4 11. Bf1 O-O 12. g3 Ng6 13. Bg2 Bd7 14. O-O f6
15. c4 dxc4 16. Nxc4 Qb4 17. Rc1 Rac8 18. a3 Qe7 19. Re1 Nd8 20. d5 e5 21. Qb3
Kh8 22. h4 b5 23. Na5 Rxc1 24. Rxc1 e4 25. Nd4 f5 26. Nac6 Nxc6 27. dxc6 Bc8
28. Nxb5 f4 29. Qb4 Qf6 30. Qd6 Qxb2 31. Qc5 e3 32. fxe3 fxg3 33. Nd4 Qf2+ 34.
Kh1 Bh3 35. Qd5 Nxh4 36. Rg1 Bxg2+ 37. Rxg2 Qf1+ 38. Rg1 Qh3# 0-1

[Event "Titled Tuesday 2024.06.25 Early"]
[Site "chess.com INT"]
[Date "2024.06.25"]
[Round "2"]
[White "Samsonkin, Artiom"]
[Black "Garv, Gaur"]
[Result "1/2-1/2"]
[WhiteElo "2363"]
[BlackElo "2388"]
[PlyCount "126"]
[EventDate "2024.06.25"]
[EventType "swiss (blitz)"]
[EventRounds "11"]
[EventCountry "NET"]
[Source "Mark Crowther"]
[SourceDate "2024.07.01"]

1. e4 g6 2. d4 Bg7 3. Nc3 d5 4. exd5 Nf6 5. Bc4 O-O 6. Nf3 Nbd7 7. Bb3 Nb6 8.
O-O Nbxd5 9. Nxd5 Nxd5 10. h3 c6 11. Re1 Bf5 12. Bg5 Re8 13. Qd2 a5 14. a3 Qd6
15. Rad1 a4 16. Ba2 Rad8 17. Bh6 Bxh6 18. Qxh6 Qf6 19. c3 Qg7 20. Qh4 h6 21.
Bxd5 cxd5 22. Rxe7 g5 23. Rxe8+ Rxe8 24. Qg3 Bc2 25. Rd2 Be4 26. Re2 Re6 27.
Nd2 Qg6 28. Qb8+ Kg7 29. Qxb7 Rb6 30. Qe7 Rxb2 31. f3 Bd3 32. Rf2 Qe6 33. Qxe6
fxe6 34. f4 gxf4 35. Nf3 Rb3 36. Ne5 Be4 37. Rxf4 Rxc3 38. Rf7+ Kg8 39. Rf6
Rxa3 40. Rxe6 Rg3 41. Ra6 a3 42. Nf3 Bxf3 43. Kf2 Rxg2+ 44. Kxf3 Rd2 45. Rxa3
Rxd4 46. Ra7 Rh4 47. Kg3 Re4 48. Rd7 Re5 49. Kf4 Rg5 50. h4 Rh5 51. Kg4 Re5 52.
Kf4 Re4+ 53. Kf5 Rxh4 54. Kg6 Rg4+ 55. Kxh6 d4 56. Kh5 Re4 57. Kg5 Kf8 58. Kf5
Rh4 59. Kf6 Ke8 60. Rd5 Rh6+ 61. Kg5 Rb6 62. Rxd4 Ke7 63. Kf5 Rb5+ 1/2-1/2

[Event "Titled Tuesday 2024.06.25 Early"]
[Site "chess.com INT"]
[Date "2024.06.25"]
[Round "3"]
[White "Grot, Blazej"]
[Black "Samsonkin, Artiom"]
[Result "1-0"]
[WhiteElo "2136"]
[BlackElo "2363"]
[PlyCount "107"]
[EventDate "2024.06.25"]
[EventType "swiss (blitz)"]
[EventRounds "11"]
[EventCountry "NET"]
[Source "Mark Crowther"]
[SourceDate "2024.07.01"]

1. e4 e6 2. d4 d5 3. Nc3 dxe4 4. Nxe4 Bd7 5. c3 Bc6 6. Bd3 f5 7. Ng5 Bxg2 8.
Nxe6 Qe7 9. Qe2 Bxh1 10. Nxc7+ Kd8 11. Nxa8 Be4 12. Bxe4 fxe4 13. Bf4 Na6 14.
b4 Qf7 15. Bg3 Kc8 16. Qg4+ Qd7 17. Qxd7+ Kxd7 18. b5 Nb4 19. cxb4 Bxb4+ 20.
Kf1 Nf6 21. Nc7 Ba5 22. b6 Bxb6 23. Nb5 Rc8 24. Ne2 g5 25. Nd6 Rc2 26. Be5 Ng4
27. Nxe4 Ke6 28. Nxg5+ Kf5 29. Nxh7 Ke4 30. Ng5+ Kd3 31. Rd1+ Kc4 32. h3 Nh6
33. Ne4 Rxa2 34. d5 Nf7 35. Nd6+ Nxd6 36. Bxd6 Ra5 37. Bf4 Rxd5 38. Rxd5 Kxd5
39. h4 Ke4 40. Be3 Bd8 41. h5 Kf5 42. Bxa7 Kg5 43. Ng3 b5 44. Bc5 Bc7 45. Kg2
Be5 46. Bb4 Kh6 47. Kh3 Kh7 48. Kg4 Bd4 49. Ne4 Kh6 50. f4 Kh7 51. f5 Kg8 52.
f6 Kf7 53. Kf5 Kg8 54. Kg6 1-0